MDQL
is popping MORE tags! Check the
thread
!
Quizzes
Events
Quiz Creation
Community
Videos
Private Events
Remove Ads
Sign In
Join for FREE
Feedback
Dark Mode
Quiz Categories
Sports
Geography
Music
Movies
Television
Just For Fun
Miscellaneous
History
Literature
Language
Science
Gaming
Entertainment
Religion
Holiday
For Kids
Quiz Lab
Recent
Popular Today
Quiz Kudos Today
Editor Picks
Curator Picks
Quizzes by...
Day
Popularity
Type
Ratings
Length
Year
Community
Subscriptions
Recent Discussions
Orange Saloon
Badges
Playlists
Quests
Create
Leaderboards
Showdown
Live 5
Trivia Bingo
Activity
Puzzle Library
Sporcle Events
Private Events
Virtual Trivia
Globe League
Become a Host
Pub Owners
SporcleCon
Opinionation
Our Games
Videos
Blog
Mobile Apps
Partnerships
Remove Ads and Go Orange
Feedback
Sports
Athletes
MLB
NBA
NHL
NFL
Soccer
Sports Teams
WWE
NCAA
Football
Premier League
Basketball
Baseball
Hockey
Golf
Tennis
Cricket
Rugby
Auto Racing
Olympics
World Cup
Sports
Athletes
MLB
NBA
NHL
NFL
Soccer
Sports Teams
WWE
NCAA
Football
Premier League
Basketball
Baseball
Hockey
Golf
Tennis
Cricket
Rugby
Auto Racing
Olympics
World Cup
Random Quiz
Search Sporcle
×
Quiz Lab
Quiz Lab
Sports
College
Type in answers that appear in a list
Type in answers that appear in a list
Classic
Best Score? Go Orange.
NFL players by college: Syracuse Stats
Can you name the NFL players who went to Syracuse?
By
SportsGuy21
5m
11 Questions
250 Plays
250 Plays
250 Plays
Comments
Comments
Give Quiz Kudos
Give Quiz Kudos
-
- Ratings
hide this ad
More Info
Random Order
Randomize order of answers
Randomize order of answers
Replay
Link that replays current quiz
Next Quiz
Link to next quiz in quiz playlist
You Got
0%
They Got
Avg Score
37%
Avg Friend Score
Upgrade to see
Score Distribution
Jump to the score distribution portion of the page
Score
0/11
Timer
05:00
0
Plays Today
Team/ Position
Player
% Correct
Philadelphia Eagles/
QB
Donovan McNabb
94%
Indianapolis Colts/
DE
Dwight Freeney
88.4%
Tennessee Titans/
LB
Keith Bulluck
53.2%
Seattle Seahawks/
K
Olindo Mare
45.2%
Tampa Bay Bucs/
S
Tanard Jackson
30.4%
Miami Dolphins/
S
Will Allen
24.4%
San Diego Chargers/
CB
Steve Gregory
18.8%
Jacksonville Jaguars/
S
Anthony Smith
16.4%
Baltimore Ravens/
OT
Adam Terry
15.2%
Baltimore Ravens/
LB
Jameel McClain
14.8%
Carolina Panthers/
FB
Tony Fiammetta
10.8%
Quiz Playlist
Details
Report
Send in Message
Add To Playlist
More Info:
Last names are acceptable. Not ALL alumni may be included.
Classic:
Type in answers that appear in a list
Random Order:
Randomize order of answers
Last Updated: Feb 16, 2017
Quiz Scoreboard
CHALLENGE
Sign Up to Join the Scoreboard
Show All
Scores
Hide
Comments
May contain spoilers
Recently Published
1-10 Letter E Words III
by El_Dandy
Language
2m
Street Fighter Characters
by Artimus82
Gaming
60s
College Basketball Coaching Resumes
by pancakes188
Sports
9m
More to Explore
Quiz From the Vault
Featured Blog Post
Where Did the Easter Bunny Come From?
hide this ad
You Might Also Like...
Tags
College Quiz
Football Quiz
NFL Quiz
Player
Syracuse
team
Went
Today's Top Quizzes in Sports
Browse Sports
hide this ad
Today's Top Quizzes in College
Browse College
Top Contributed Quizzes in Sports
1
2022 World Cup Stars
2
Les meilleurs buteurs des matchs entre le PSG et l’OM
3
FIFA Club World Cup Champions
4
Les entraîneurs de l'OM et du PSG au 21e siècle
5
Criteria MLB: Left Handed Sluggers
6
2023 MLB Unique Player Accomplishments
7
AFC Teams Reveal (Wrong Answers Minefield)
8
Players with Multiple 50 Home Run Seasons
9
5-to-1: FBS Animal Nicknames
10
5-to-1: UK Sports Teams
Explore More
Trending Topics
Crossword
Disney
Marvel
NBA
Kpop
Anime
Harry Potter
WWE
The Office
Country
NFL
Pokémon
Soccer
Puzzle
Song
hide this ad
More By:
SportsGuy21
Quiz
Plays
Rating
Category
Featured
Created
Playoff NBA Alma Maters
19,324
1.82
Sports
Apr 14, 2010
NBA's best foreign players of all time
1,106
2.00
Sports
Sep 29, 2010
NFL players by college: Notre Dame
915
3.00
Sports
Dec 16, 2009
NBA Alma Maters 2
895
2.25
Sports
Dec 11, 2009
Who Drafted these NBA players?
787
4.00
Sports
Jan 28, 2012
Go to Creator's Profile
Score Distribution
Quiz Creator Spotlight
SportsGuy21
Follow
Send a Message
Quizzes Created
-
Created Quiz Play Count
-
More By This Creator
Popular Quizzes Today
1
Find the US States - No Outlines Minefield
2
Find the Countries of Europe - No Outlines Minefield
3
The Countries of the World
4
Find the US States
5
Risky Map Clicking: Biggest States A-Z
6
US States
7
Popular People in 1961
8
Movies - When Are They Set?
More Sports Quizzes
Big 4 Outsiders
Editor's Pick
Trending Quizzes
Risky Map Clicking: Least Populous States A-Z
Billboard Blitz: Aretha Franklin
1-10 Letter G Words
Countries of the World: 200 Million BC
1-10 Letter F Words
Recently Updated
Leaping Animals
pecheneg
Reality TV Shows (A-Z)
bhenderson79
Rickey Henderson's Hall of Fame Teammates
pecheneg
Champions League XIs: Arsenal
pecheneg
Quick Pick: Celebrities in WWE's Hall of Fame
aduchscher
A-Z Keypad Blitz II
pecheneg
Multiple Oscar Actors
pecheneg
Mystery Phrase Blitz: Oscar 'Best Actors'
pecheneg
F. Scott Fitzgerald Novels
LTH
Pick 3 Villains
ddd62291
Trending Topics
Anime
Harry Potter
Crossword
Marvel
Kpop
NBA
Disney
Song
NFL
WWE
Puzzle
Soccer
Country
Pokémon
The Office
Your Account Isn't Verified!
In order to create a playlist on Sporcle, you need to verify the email address you used during registration. Go to your
Sporcle Settings
to finish the process.
Report this User
Report this user for behavior that violates our
Community Guidelines
.
Details:
Send Report
Go to the Sporcle.com Mobile Site →
Comments